Právo medzinárodných ekonomických vzťahov

Medzinárodné ekonomické právo ako súčasť medzinárodného verejného práva. Štyri oblasti, ktoré medzinárodné ekonomické právo upravuje. Vzťah medzi vnútroštátnym a medzinárodným právom. Medzinárodné právo súkromné a medzinárodné právo obchodné. Situácia v Slovenskej republike vo vzťahu k medzinárodném...

Ausführliche Beschreibung

Gespeichert in:
Bibliographische Detailangaben
1. Verfasser: Jurík, Roman
Format: Buchkapitel
Sprache:Slowakisch
Schlagworte:
Tags: Tag hinzufügen
Keine Tags, Fügen Sie das erste Tag hinzu!

MARC

LEADER 00000naa$a2200000$$$4500
001 0053035
005 20240502071618.6
041 0 |a slo 
044 |a SK 
245 1 0 |a Právo medzinárodných ekonomických vzťahov  |c Roman Jurík 
520 |a Medzinárodné ekonomické právo ako súčasť medzinárodného verejného práva. Štyri oblasti, ktoré medzinárodné ekonomické právo upravuje. Vzťah medzi vnútroštátnym a medzinárodným právom. Medzinárodné právo súkromné a medzinárodné právo obchodné. Situácia v Slovenskej republike vo vzťahu k medzinárodnému ekonomickému právu. 
610 2 0 |a právo medzinárodné 
610 2 0 |a právo hospodárske 
610 2 0 |a právo obchodné 
610 2 0 |a právo súkromné medzinárodné 
610 2 0 |a vzdelávanie 
610 2 0 |a vyučovanie 
610 2 0 |a Slovensko 
100 1 |a Jurík, Roman